000 00584nam a2200193Ia 4500
001 14783
003 GE_BSU
008 181216s||||||||xx |||||||||||||| ||und||
040 _cGE_BSU
080 _a511(075.3)
100 _aАндронов, И.К.
245 _aАрифметика дробных чисел и основных величин.
245 _cРед. Н.И.Лепешкина.
260 _bГосиздат.
260 _c1955
300 _a343p;23cm.
653 _aАрифметика дробных чисел и основных величин
942 _cBK
999 _c47906
_d47906